000 00823cam a2200217 4500
001 WB3842-18
008 021114n2002 000 0 eng u
035 _a(Sirsi) u120451
245 _aCountryside Agency urges government to address rural housing
260 _c2002
490 _aCountryside Agency Press Release
_v 12 November 2002 (2)
520 _aThe Countryside Agency has called on government to build more affordable homes in rural areas, in a housing statement published 12 November. Key recommendations are outlined. http://www.countryside.gov.uk/News/article.asp?NewsItemID=249.
590 _aWB
650 _aCOUNTRYSIDE AGENCY
650 _aAffordable housing
_96215
650 _aRURAL HOUSING
650 _aPLANNING SYSTEM
650 _aPOLICY GUIDELINES
690 _aRural
_96268
942 _n0
999 _c71566
_d71566